| 000 | 00000nam##2200000za#4500 |
| 001 | 9.536978 |
| 003 | CaOODSP |
| 005 | 20210615084550 |
| 007 | ta |
| 008 | 150406|2002||||xxc||||| f|0| 0 eng|d |
| 040 | |aCaOODSP|beng |
| 041 | |aeng |
| 041 | |afre |
| 043 | |an-cn--- |
| 086 | 1 |aYX3-2002/11 |
| 110 | 1 |aCanada.|bStatutes. |
| 245 | 10|aNational Horse of Canada Act : |b(An Act to provide for the recognition of the Canadian horse as the national horse of Canada) |
| 260 | |aOttawa - Ontario : |bStatutes |cAssented to 30th April 2002. |
| 300 | |a2p. ; |c28 cm. |
| 490 | 1 |aActs of the Parliament of Canada, 2002|vChapter 11 |
| 563 | |aProcessed |
| 590 | |a02-33|b2002-08-16 |
| 690 | 07|aLegislation|2gcpds |
| 690 | 07|aMammals|2gcpds |
| 690 | 07|aNational symbols|2gcpds |
| 792 | |tLoi sur le cheval national du Canada : |efre|w(CaOODSP)9.536979 |
| 830 | #0|aActs of the Parliament of Canada, 2002 ;|vChapter 11|w(CaOODSP)9.509742 |